Sports Quiz

Random Sports or Decade Quiz

NHL Top Points by Decade Quiz Stats

 Plays Quiz Updated Apr 17, 2019

Score 0/100 Timer 10:00
3 Plays Today
Decade Player % Correct
1979/80 - 1988/89Wayne Gretzky
95.3%
1989/90 - 1998/99Wayne Gretzky
95.3%
2009/10 - 2018/19 (Most Recent Season)Alex Ovechkin
84.3%
2009/10 - 2018/19 (Most Recent Season)Sidney Crosby
83.8%
1989/90 - 1998/99Jaromir Jagr
80.8%
1999/00 - 2008/09Jaromir Jagr
80.8%
1989/90 - 1998/99Brett Hull
76.6%
2009/10 - 2018/19 (Most Recent Season)Patrick Kane
76.6%
2009/10 - 2018/19 (Most Recent Season)Evgeni Malkin
76.5%
1959/60 - 1968/69Bobby Hull
76.5%
2009/10 - 2018/19 (Most Recent Season)Nicklas Backstrom
75.7%
1989/90 - 1998/99Joe Sakic
75.3%
1999/00 - 2008/09Joe Sakic
75.3%
2009/10 - 2018/19 (Most Recent Season)Phil Kessel
75.1%
1969/70 - 1978/79Bobby Orr
74.8%
2009/10 - 2018/19 (Most Recent Season)Steven Stamkos
73.7%
1949/50 - 1958/59Gordie Howe
73.7%
1959/60 - 1968/69Gordie Howe
73.7%
1999/00 - 2008/09Jarome Iginla
71.8%
1989/90 - 1998/99Steve Yzerman
70.5%
2009/10 - 2018/19 (Most Recent Season)Anze Kopitar
67.2%
1999/00 - 2008/09Joe Thornton
66.7%
2009/10 - 2018/19 (Most Recent Season)Claude Giroux
65.7%
1939/40 - 1948/49Maurice Richard
63.2%
1949/50 - 1958/59Maurice Richard
63.2%
1959/60 - 1968/69Henri Richard
62.9%
1999/00 - 2008/09Daniel Alfredsson
62.6%
1999/00 - 2008/09Mats Sundin
62.5%
1969/70 - 1978/79Phil Esposito
59.4%
1999/00 - 2008/09Vincent Lecavalier
58%
2009/10 - 2018/19 (Most Recent Season)John Tavares
57%
1979/80 - 1988/89Mike Bossy
55.3%
1979/80 - 1988/89Jari Kurri
54.3%
1969/70 - 1978/79Guy Lafleur
52.9%
Decade Player % Correct
1999/00 - 2008/09Markus Naslund
49.5%
1969/70 - 1978/79Marcel Dionne
48.5%
1979/80 - 1988/89Marcel Dionne
48.5%
1969/70 - 1978/79Bobby Clarke
48.2%
1959/60 - 1968/69Stan Mikita
48.1%
1969/70 - 1978/79Stan Mikita
48.1%
1979/80 - 1988/89Bryan Trottier
47%
1979/80 - 1988/89Paul Coffey
45.4%
1979/80 - 1988/89Denis Savard
43.1%
1989/90 - 1998/99Ron Francis
41%
1989/90 - 1998/99Adam Oates
40.3%
1999/00 - 2008/09Marian Hossa
40.2%
1989/90 - 1998/99Theoren Fleury
38%
1979/80 - 1988/89Peter Stastny
38%
1949/50 - 1958/59Jean Beliveau
36.4%
1959/60 - 1968/69Jean Beliveau
36.4%
1989/90 - 1998/99Mark Recchi
34.3%
1999/00 - 2008/09Alex Kovalev
30.9%
1969/70 - 1978/79Gilbert Perreault
30%
1949/50 - 1958/59Ted Lindsay
29.7%
1989/90 - 1998/99Pierre Turgeon
29.4%
1969/70 - 1978/79Darryl Sittler
29.2%
1979/80 - 1988/89Michel Goulet
27.1%
1949/50 - 1958/59Alex Delvecchio
24.7%
1959/60 - 1968/69Alex Delvecchio
24.7%
1959/60 - 1968/69John Bucyk
24.5%
1979/80 - 1988/89Bernie Federko
24.1%
1949/50 - 1958/59Bernie Geoffrion
23.5%
1919/20 - 1928/29Howie Morenz
23.2%
1929/30 - 1938/39Hooley Smith
22.2%
1939/40 - 1948/49Clint Smith
22.2%
1969/70 - 1978/79Jean Ratelle
21.5%
1959/60 - 1968/69Frank Mahovlich
20.7%
1939/40 - 1948/49Toe Blake
19.8%
Decade Player % Correct
1969/70 - 1978/79Jacques Lemaire
18.6%
1959/60 - 1968/69Andy Bathgate
15.1%
1949/50 - 1958/59Dickie Moore
14.5%
1949/50 - 1958/59Red Kelly
14%
1959/60 - 1968/69Norm Ullman
12.8%
1929/30 - 1938/39Charlie Conacher
12.7%
1939/40 - 1948/49Elmer Lach
12.5%
1929/30 - 1938/39Busher Jackson
11.4%
1939/40 - 1948/49Max Bentley
10.4%
1939/40 - 1948/49Doug Bentley
10.4%
1919/20 - 1928/29Cy Denneny
8.7%
1919/20 - 1928/29Aurel Joliat
8.4%
1929/30 - 1938/39Nels Stewart
8.2%
1929/30 - 1938/39Dit Clapper
7.2%
1919/20 - 1928/29Babe Dye
6.8%
1929/30 - 1938/39Frank Boucher
6.7%
1919/20 - 1928/29Georges Boucher
6.7%
1919/20 - 1928/29Billy Boucher
6.7%
1939/40 - 1948/49Bill Cowley
5.7%
1919/20 - 1928/29Frank Nighbor
5.7%
1939/40 - 1948/49Bill Mosienko
5.4%
1949/50 - 1958/59Bert Olmstead
4.7%
1929/30 - 1938/39Cooney Weiland
4.1%
1929/30 - 1938/39Paul Thompson
4.1%
1919/20 - 1928/29Punch Broadbent
3.6%
1949/50 - 1958/59Tod Sloan
2.8%
1919/20 - 1928/29Reg Noble
2.7%
1929/30 - 1938/39Marty Barry
2.7%
1939/40 - 1948/49Buddy O'Connor
2.7%
1939/40 - 1948/49Phil Watson
2.6%
1919/20 - 1928/29Billy Burch
2.6%
1929/30 - 1938/39Johnny Gottselig
2%

You're not logged in!

Compare scores with friends on all Sporcle quizzes.
OR
Log In

Sporcle TV

Today on Sporcle TV


Watch our educational content, quiz creation guides, and fun videos on Sporcle TV.

Show Comments

Extras

Top Quizzes Today


Score Distribution

Your Account Isn't Verified!

In order to create a playlist on Sporcle, you need to verify the email address you used during registration. Go to your Sporcle Settings to finish the process.

Report this User

Report this user for behavior that violates our Community Guidelines.

Details: